Statistiques concernant Harry Potter - Les sortilèges

Cliquez ici pour prendre le quiz!

Statistiques générales

  • Ce quiz a été pris 33 fois
    (17 depuis la dernière actualisation)
  • Le résultat moyen est 22 sur 122

Statistiques - réponses

HintRéponse% Correct
Permet de déverrouiller une porteAlohomora
87%
Permet d’allumer une lumière au bout d’une baguetteLumos
80%
Permet d’attirer des objets vers soiAccio
73%
Sortilège de mortAvada Kedavra
67%
Permet de faire léviter un objetWingardium Leviosa
67%
Fait ressentir une douleur insupportable à une personne ou un animalEndoloris
60%
Permet de faire sauter la baguette de la main de son adversaireExpelliarmus
60%
Fait apparaître un feu froid du bout de la baguetteIncendio
53%
Fait apparaître un jet d’eau au bout de la baguetteAguamenti
47%
Permet d’annuler le sortilège LumosNox
47%
Permet de réparer des objetsReparo
47%
Permet de repousser les DétraqueursSpero Patronum/Expecto Patronum
47%
Augmente la taille d’un objet ou d’un animalAmplificatum
40%
Permet de neutraliser l’emprise de certains sortilèges sur un objet ou une personneFinite
40%
Permet de soulever une personne dans les airs par les chevillesLevicorpus
40%
Permet d’immobiliser et de raidir une personne, hormis ses yeuxPetrificus Totalus
40%
Permet de faire apparaître un bouclier magique devant soiProtego
40%
Permet de protéger quelque chose d’encore plus grand, comme un château, un terrainProtego Maxima
40%
Permet de réduire la taille d’un objetReducto
40%
Permet de rendre une personne dans un état second très semblable à un comaStupefix
40%
Permet de ralentir ou d’arrêter le mouvement d’une personneArresto Momentum
33%
Permet de pénétrer l’esprit d’une personneLegilimens
33%
Provoque une envie de rire incontrôlableRictusempra
33%
Permet de vaincre un épouvantardRiddikulus
33%
Permet de repousser un objetExpulso
27%
Permet d’annuler les effets d’un sortilègeFinite Incantatem
27%
Permet de contrôler une personne ou un animalImpero
27%
Permet de ligoter une personne ou un animalIncarcerem
27%
Sortilège d’amnésieOubliettes
27%
Permet de faire apparaître des plaies profondesSectumsempra
27%
Fait vomir des limacesSortilège de Crache-Limaces
27%
Permet de s’élever dans les airsAscendio
20%
Permet de rendre confuse une personneConfundo
20%
Contre-sort de LevicorpusLiberacorpus
20%
Ordonne à de petits oiseaux d’attaquer une personneOppugno
20%
Permet de faire apparaître une bulle d’air autour du visage d’une personneSortilège de Têtenbulle
20%
Permet de repousser une araignéeArania Exumai
13%
Fait apparaître des oiseauxAvis
13%
Colle la langue au palaisBloclang
13%
Provoque une explosionBombarda Maxima
13%
Permet de verrouiller une porteCollaporta
13%
Fait exploser un objetConfringo
13%
Permet de découper, fendre, diviser, casserDiffindo
13%
Permet d’écarter, ouvrir un passageDissendium
13%
Permet de soigner des blessures mineuresEpiskey
13%
Fait disparaître un objetEvanesco
13%
Révèle la présence d’êtres humains dans un lieuHominum Revelio
13%
Permet d’immobiliser une personne ou un animalImmobilis
13%
Sortilège d’entraveImpedimenta
13%
Permet de faire lâcher prise ou d’ouvrir des liensLashlabask
13%
Permet de déplacer des valises, des affaires dans les airsLocomotor Barda
13%
Permet de faire apparaître la Marque des TénèbresMorsmordre
13%
Permet d’arrêter les Lutins de CornouaillesMutinlutin Malinpesti
13%
Permet de projeter des étincelles rougesPericulum
13%
Permet d’animer des statues et des armuresPiertotum Locomotor
13%
Permet de transformer un objet en PortoloinPortus
13%
Permet de connaître les sorts lancés par une baguette par ordre chronologiquePriori Incantatem
13%
Permet de révéler le ou les derniers sorts, sortilèges ou maléfices jetés par une baguettePrior Incanto
13%
Permet de protéger quelque chose de plus grand qu’une personne, comme une tente, une maisonProtego Totalum
13%
Permet de nettoyer rapidementRecurvite
13%
Permet de protéger des maléfices, de rendre invisible sa positionSalveo Maleficia
13%
Permet de faire apparaître un serpentSerpensortia
13%
Permet aux jambes d’une personne de s’agiter de manière incontrôlableTarentallegra
13%
Permet de détruire un serpent sans laisser de traceVipera Evanesca
13%
Permet de libérer les voies respiratoiresAnapneo
7%
Permet de révéler une écriture invisibleAparecium
7%
Provoque un bourdonnement dans l’oreille d’une personneAssurdiato
7%
Permet de guérir, rectifier, redresserBrachium Emendo
7%
Augmente la capacité de stockage d’un objetCapacious Extremis
7%
Prévient de l’intrusion d’un ennemi dans un certain périmètreCave Inimicum
7%
Permet de remplir une bouteille videCharme de Remplissage
7%
Déclenche un cri si une personne pénètre dans une certaine zoneCharme du Cridurut
7%
Permet d’ouvrir des coffresCistem Aperio
7%
Permet de creuserDefodio
7%
Fait pousser les dents de façon démesuréeDentesaugmento
7%
Provoque l’affaissement ou l’explosion d’une surfaceDeprimo
7%
Détruit les images brumeuses qui émanent d’une baguette après l’invocation d’un Prior IncantoDestructum
7%
Permet de changer un objet en pierreDuro
7%
Sert de boussole (exemple : pour pointer vers le nord = pointe au nord)Enchantement des Quatre-Points
7%
Permet de ranimer une personne stupéfixéeEnervatum
7%
Permet de monter une tente ou un chapiteauErigo
7%
Projette une personne en arrièreEverte Statum
7%
Permet de ranger des objetsFailamalle
7%
Fait apparaître une attelle et des bandages autour d’un membre blesséFerula
7%
Permet de renforcer les protections ou barrières magiquesFianto Duri
7%
Permet de dessiner dans les airs avec des flammesFlambios
7%
Permet de faire pousser des furonclesFurunculus
7%
Permet de copier un objetGemino
7%
Permet de transformer un escalier en tobogganGlisseo
7%
Permet d’établir un passage harmonieuxHarmonia Nectere Passus
7%
Permet à un loup-garou de reprendre sa forme humaineHomomorphus
7%
Permet d’enflammer un objetLacarnum Inflammare
7%
Permet de paralyser les jambes d’une personneLocomotor Mortis
7%
Permet de catapulter une personne de son balaiMaléfice de Catapultage
7%
Enflamme les yeux d’une personne ou d’un animalMaléfice de Conjontivite
7%
Permet de coller deux choses entre ellesMaléfice de Glue Perpétuelle
7%
Permet d’arrêter une intempérie magique due à un sortilège atmosphérique défaillantMeteorribilis Recanto
7%
Permet de déplacer un arbre par lévitationMobiliarbus
7%
Permet de déplacer un corps par lévitationMobilicorpus
7%
Rend une personne noire ou l’empêche de voirObscuro
7%
Permet de faire apparaître un bouquet de fleursOrchideus
7%
Permet de créer un passage temporaire au milieu d’une barrière ou d’une protection magiquePartis Temporus
7%
Permet de repousser ou d’éliminer les ennemisRepello Inimicum
7%
Permet d’éloigner les moldus d’une zoneRepello Moldum
7%
Permet de redonner un peu d’énergie à une personne étourdie ou inconscienteRevigor
7%
Permet de rendre une personne muetteSilencio
7%
Permet d’augmenter la puissance et la portée de la voixSonorus
7%
Rend heureux durant quelques heuresSortilège d’Allégresse
7%
Donne l’apparence de ce qui se trouve derrière soiSortilège de Désillusion
7%
Permet de protéger un secret en le confiant à une personne (gardien du secret)Sortilège de Fidelitas
7%
Permet de corréler la forme de plusieurs objetsSortilège de Protéiforme
7%
Permet de transplanter une partie du corps ou d’un objet sur un autre sujetSortilège de Transfert
7%
Permet d’effacer des empruntes de pasSortilège d’Oblitération
7%
Fait apparaître des flammes destructricesSortilège du Feudeymon
7%
Permet de lier plusieurs personnes par un sermentSortilège du Serment Inviolable
7%
Permet de connaître les composants d’une potionSpecialis Revelio
7%
Permet d’annuler le sortilège précédentSurdinam
7%
Permet de nettoyer la cible viséeTergeo
7%
Permet de transformer un animal en verre à piedVera Verto
7%
Permet de projeter un objet ou un animal dans les airsVolate Ascendere
7%
Permet de refermer les plaies sanglantes et profondesVulnera Sanentur
7%
Permet de déplacer un objet à la vitesse d’une balle de fusilWaddiwasi
7%

Distribution des résultats

Percentile par nombre de réponses

% des personnes avec chaque résultat

Votre développement - résultats

Vous n’avez pas pris ce quiz depuis la dernière actualisation